[Event "North American Youth"]
[Site "Dulles USA"]
[Date "2024.12.20"]
[Round "5.1"]
[White "Mendes, Aaron Reeve"]
[Black "Das, Aditeya"]
[Result "1-0"]
[WhiteElo "2359"]
[BlackElo "2232"]
[PlyCount "83"]
[GameId "2129405226531565"]
[EventDate "2024.12.18"]
[EventType "swiss"]
[EventRounds "9"]
[EventCountry "USA"]
[SourceTitle "The Week in Chess 1572"]
[Source "Mark Crowther"]
[SourceDate "2024.12.23"]
[SourceVersion "2"]
[SourceVersionDate "2024.12.24"]
[SourceQuality "2"]

1. e4 c5 2. Nf3 d6 3. d4 cxd4 4. Nxd4 Nf6 5. Nc3 a6 6. Qd3 e5 7. Nf5 Bxf5 8. exf5 d5 9. Bg5 d4 10. Bxf6 gxf6 11. Ne4 Nd7 12. O-O-O Nc5 13. Qf3 Nxe4 14. Qxe4 Qd7 15. Kb1 O-O-O 16. Bc4 Kb8 17. g4 h5 18. h3 h4 19. f4 Qc7 20. Bb3 Bd6 21. g5 Rh7 22. g6 fxg6 23. fxg6 Rg7 24. f5 Rh8 25. Rhg1 b5 26. Rg4 a5 27. Rxh4 Rd8 28. Be6 a4 29. Rh5 a3 30. Qh4 Qe7 31. Rh8 axb2 32. Qh6 Rxh8 33. Qxh8+ Qf8 34. Qxf8+ Bxf8 35. Bf7 Kc7 36. Kxb2 Kd6 37. c3 Kc5 38. h4 b4 39. cxd4+ exd4 40. h5 Kd6 41. Rxd4+ Ke5 42. Rd8 1-0

[Event "North American Youth"]
[Site "Dulles USA"]
[Date "2024.12.21"]
[Round "6.1"]
[White "Johnson, Donald"]
[Black "Mendes, Aaron Reeve"]
[Result "0-1"]
[WhiteElo "2255"]
[BlackElo "2359"]
[PlyCount "120"]
[GameId "2129405226531584"]
[EventDate "2024.12.18"]
[EventType "swiss"]
[EventRounds "9"]
[EventCountry "USA"]
[SourceTitle "The Week in Chess 1572"]
[Source "Mark Crowther"]
[SourceDate "2024.12.23"]
[SourceVersion "2"]
[SourceVersionDate "2024.12.24"]
[SourceQuality "2"]

1. e4 c5 2. Nf3 d6 3. d4 cxd4 4. Nxd4 Nf6 5. Nc3 a6 6. Be3 e5 7. Nb3 Be6 8. f3 Be7 9. Qd2 h5 10. Be2 Nbd7 11. Nd5 Nxd5 12. exd5 Bf5 13. O-O O-O 14. Na5 Qc7 15. c4 Rac8 16. Rac1 Qb8 17. b4 Bd8 18. Nb3 b6 19. Rfd1 Qa8 20. Kh1 a5 21. a3 Bg6 22. Bf2 Bf5 23. Bf1 Re8 24. Be3 Rf8 25. Bd3 Bxd3 26. Qxd3 f5 27. Nd2 g6 28. Nb1 axb4 29. axb4 Qa4 30. Qa3 Ra8 31. Qb2 Qa2 32. Qxa2 Rxa2 33. Nc3 Ra8 34. Nb5 Be7 35. Ra1 Rfc8 36. Kg1 Kf7 37. Rdc1 f4 38. Rxa8 Rxa8 39. Bf2 g5 40. h3 Ra4 41. Rb1 Ra2 42. Nc3 Rc2 43. Na4 Bd8 44. c5 b5 45. Nb6 Nf6 46. Ra1 g4 47. hxg4 hxg4 48. Ra7+ Kg6 49. fxg4 Rc1+ 50. Be1 Rxe1+ 51. Kf2 Re3 52. Ra8 Ne4+ 53. Kf1 Nd2+ 54. Kg1 Re1+ 55. Kf2 Bh4+ 56. g3 Bxg3+ 57. Kg2 Re2+ 58. Kh1 Rh2+ 59. Kg1 Nf3+ 60. Kf1 Rf2# 0-1

[Event "North American Youth"]
[Site "Dulles USA"]
[Date "2024.12.22"]
[Round "7.1"]
[White "Mendes, Aaron Reeve"]
[Black "Mou, Iris"]
[Result "1-0"]
[WhiteElo "2359"]
[BlackElo "2226"]
[PlyCount "155"]
[GameId "2129405226531603"]
[EventDate "2024.12.18"]
[EventType "swiss"]
[EventRounds "9"]
[EventCountry "USA"]
[SourceTitle "The Week in Chess 1572"]
[Source "Mark Crowther"]
[SourceDate "2024.12.23"]
[SourceVersion "2"]
[SourceVersionDate "2024.12.24"]
[SourceQuality "2"]

1. e4 c6 2. Nf3 d5 3. Nc3 dxe4 4. Nxe4 Nf6 5. Qe2 Na6 6. d4 Nxe4 7. Qxe4 Qd5 8. Qxd5 cxd5 9. c3 Nb8 10. Bf4 Nc6 11. Bd3 Bg4 12. Nd2 e6 13. O-O Be7 14. Rfe1 O-O 15. Nf1 Bh5 16. Ng3 Bg6 17. Bxg6 hxg6 18. Ne2 Rfc8 19. Nc1 b5 20. a3 a5 21. Nd3 b4 22. a4 Rd8 23. Kf1 Ra7 24. h3 Rb7 25. Ke2 Bd6 26. Bxd6 Rxd6 27. Kd2 Rd8 28. g3 Rc8 29. h4 Rbc7 30. Rec1 bxc3+ 31. bxc3 Ne7 32. g4 f6 33. Rab1 Rc4 34. Rb7 R8c7 35. Rxc7 Rxc7 36. Rb1 Nc8 37. Rb8 Kf7 38. Nc5 Nd6 39. f3 Rc8 40. Rxc8 Nxc8 41. Nb7 Nb6 42. Nxa5 Nxa4 43. c4 dxc4 44. Nxc4 e5 45. dxe5 Ke6 46. exf6 gxf6 47. Kd3 Nc5+ 48. Kd4 Nb3+ 49. Ke3 Nc5 50. Nd2 Nd7 51. f4 Nb6 52. Nb3 Nd5+ 53. Kf3 Ne7 54. Nd4+ Kd5 55. Nc2 Ke6 56. Ne3 Nc6 57. Ke4 Ne7 58. f5+ Kf7 59. fxg6+ Kxg6 60. Kf4 Kf7 61. h5 Nc6 62. Nf5 Nd8 63. Nd6+ Ke6 64. Ne4 Nc6 65. Nc5+ Kf7 66. Nb7 Ke6 67. Ke4 Kf7 68. Nd6+ Ke6 69. Nf5 Kf7 70. Nd4 Ne7 71. Kf4 Nd5+ 72. Kf3 Ne7 73. Ke4 Nc8 74. Nf5 Ke6 75. h6 Kf7 76. h7 Nd6+ 77. Nxd6+ Kg7 78. Kf5 1-0

[Event "North American Youth"]
[Site "Dulles USA"]
[Date "2024.12.22"]
[Round "8.1"]
[White "Cherukuri, Nitesh"]
[Black "Mendes, Aaron Reeve"]
[Result "1/2-1/2"]
[WhiteElo "2275"]
[BlackElo "2359"]
[PlyCount "44"]
[GameId "2129405226531621"]
[EventDate "2024.12.18"]
[EventType "swiss"]
[EventRounds "9"]
[EventCountry "USA"]
[SourceTitle "The Week in Chess 1572"]
[Source "Mark Crowther"]
[SourceDate "2024.12.23"]
[SourceVersion "2"]
[SourceVersionDate "2024.12.24"]
[SourceQuality "2"]

1. e4 c5 2. Nf3 d6 3. d4 cxd4 4. Nxd4 Nf6 5. Nc3 a6 6. Rg1 e5 7. Nb3 Be6 8. f4 Qb6 9. Rh1 Qc6 10. f5 Bxb3 11. axb3 Nbd7 12. Qf3 b5 13. Bd3 Nc5 14. b4 Nxd3+ 15. Qxd3 d5 16. Nxd5 Nxd5 17. exd5 Qd7 18. Qe4 Bd6 19. f6 O-O 20. Bd2 Rfc8 21. b3 Qc7 22. Kd1 Qb6 1/2-1/2

[Event "Titled Tuesday 2024.12.17 Late"]
[Site "chess.com INT"]
[Date "2024.12.17"]
[Round "4"]
[White "Mendes, Aaron Reeve"]
[Black "Schulz, M1."]
[Result "1-0"]
[WhiteElo "2359"]
[BlackElo "2151"]
[PlyCount "99"]
[GameId "2129405226725845"]
[EventDate "2024.12.17"]
[EventType "swiss (blitz)"]
[EventRounds "11"]
[EventCountry "NET"]
[SourceTitle "The Week in Chess 1572"]
[Source "Mark Crowther"]
[SourceDate "2024.12.23"]
[SourceVersion "2"]
[SourceVersionDate "2024.12.24"]
[SourceQuality "2"]

1. e4 g6 2. d4 Bg7 3. f4 c6 4. Nf3 d5 5. e5 h5 6. c3 Nh6 7. Bd3 Bg4 8. Nbd2 e6 9. Qc2 Bxf3 10. Nxf3 Nf5 11. g3 Nd7 12. Be3 Nb6 13. O-O-O Nc4 14. Bf2 Nfe3 15. Bxe3 Nxe3 16. Qb1 Nxd1 17. Kxd1 Qb6 18. Bxg6 O-O-O 19. Bxf7 c5 20. dxc5 Qxc5 21. Nd4 Kb8 22. Bxe6 Rhe8 23. Bf5 Bxe5 24. fxe5 Rxe5 25. Qd3 Rde8 26. Qd2 Qc4 27. b3 Qa6 28. Bd3 Qa3 29. Rf1 a6 30. Qf4 Qxa2 31. Nf3 Qxb3+ 32. Bc2 Qxc3 33. Nxe5 Rxe5 34. Rf3 Qa1+ 35. Kd2 Qe1+ 36. Kd3 Ka7 37. Qd4+ Ka8 38. Rf8+ Re8 39. Rxe8+ Qxe8 40. Qxd5 h4 41. gxh4 Qg6+ 42. Kd2 Qh6+ 43. Qg5 Qd6+ 44. Kc1 Qxh2 45. h5 Ka7 46. h6 Qh1+ 47. Kb2 b5 48. h7 Kb6 49. Qf6+ Ka5 50. h8=Q 1-0

[Event "Titled Tuesday 2024.12.17 Late"]
[Site "chess.com INT"]
[Date "2024.12.17"]
[Round "5"]
[White "Mendes, Aaron Reeve"]
[Black "Bykovskiy, Oleg"]
[Result "1-0"]
[WhiteElo "2359"]
[BlackElo "2210"]
[PlyCount "75"]
[GameId "2129405226726113"]
[EventDate "2024.12.17"]
[EventType "swiss (blitz)"]
[EventRounds "11"]
[EventCountry "NET"]
[SourceTitle "The Week in Chess 1572"]
[Source "Mark Crowther"]
[SourceDate "2024.12.23"]
[SourceVersion "2"]
[SourceVersionDate "2024.12.24"]
[SourceQuality "2"]

1. e4 Nf6 2. e5 Nd5 3. c4 Nb6 4. d4 d6 5. f4 dxe5 6. fxe5 Bf5 7. Nc3 e6 8. Be3 Bb4 9. Qd2 c5 10. Nf3 Nc6 11. O-O-O cxd4 12. Nxd4 Nxd4 13. Bxd4 O-O 14. a3 Be7 15. Be3 Qc7 16. Bg5 Bxg5 17. Qxg5 Nxc4 18. Bxc4 Qxc4 19. Rd2 Rac8 20. Re1 Qa2 21. Kd1 Qc4 22. Re3 Qf1+ 23. Re1 Qc4 24. Re3 Bg6 25. Ke1 h6 26. Qg3 Rfd8 27. Qf2 Qb3 28. h4 Qb6 29. Ree2 Rxd2 30. Rxd2 Qb5 31. Nxb5 Bh5 32. Qd4 a6 33. Nd6 Rc1+ 34. Kf2 Bg6 35. g4 Bb1 36. Qf4 f5 37. exf6 e5 38. f7+ 1-0

[Event "Titled Tuesday 2024.12.17 Late"]
[Site "chess.com INT"]
[Date "2024.12.17"]
[Round "6"]
[White "Ospina Castro, Santiago"]
[Black "Mendes, Aaron Reeve"]
[Result "0-1"]
[WhiteElo "2148"]
[BlackElo "2359"]
[PlyCount "66"]
[GameId "2129405226726291"]
[EventDate "2024.12.17"]
[EventType "swiss (blitz)"]
[EventRounds "11"]
[EventCountry "NET"]
[SourceTitle "The Week in Chess 1572"]
[Source "Mark Crowther"]
[SourceDate "2024.12.23"]
[SourceVersion "2"]
[SourceVersionDate "2024.12.24"]
[SourceQuality "2"]

1. e4 c5 2. Nc3 d6 3. f4 Nc6 4. Nf3 g6 5. Bb5 Bg7 6. Bxc6+ bxc6 7. O-O e6 8. d3 Ne7 9. Qe1 O-O 10. b3 d5 11. e5 c4 12. dxc4 dxc4 13. Ba3 Ba6 14. Rf2 Re8 15. Rd1 Qa5 16. Na4 Qxe1+ 17. Nxe1 cxb3 18. cxb3 Nd5 19. Nd3 Bf8 20. Bxf8 Rxf8 21. Ndc5 Bb5 22. Nb2 Nc3 23. Rd7 Nxa2 24. Nc4 Nc3 25. Nd6 a5 26. Nce4 Nd5 27. g3 a4 28. bxa4 Rxa4 29. Ng5 Ra1+ 30. Kg2 Bf1+ 31. Kf3 Ra3+ 32. Ke4 c5 33. Nc4 Bxc4 0-1

[Event "Titled Tuesday 2024.12.17 Late"]
[Site "chess.com INT"]
[Date "2024.12.17"]
[Round "7"]
[White "Mendes, Aaron Reeve"]
[Black "Razanadrakotoarisoa, Toavina"]
[Result "1-0"]
[WhiteElo "2359"]
[BlackElo "2146"]
[PlyCount "43"]
[GameId "2129405226726463"]
[EventDate "2024.12.17"]
[EventType "swiss (blitz)"]
[EventRounds "11"]
[EventCountry "NET"]
[SourceTitle "The Week in Chess 1572"]
[Source "Mark Crowther"]
[SourceDate "2024.12.23"]
[SourceVersion "2"]
[SourceVersionDate "2024.12.24"]
[SourceQuality "2"]

1. e4 c6 2. Nf3 d5 3. Nc3 Bg4 4. h3 Bh5 5. g4 Bg6 6. exd5 cxd5 7. Ne5 Nc6 8. Bb5 Rc8 9. O-O e6 10. Bxc6+ bxc6 11. f4 f6 12. Nf3 h5 13. d4 hxg4 14. hxg4 c5 15. Qe2 Kf7 16. f5 exf5 17. gxf5 Bxf5 18. Ne5+ fxe5 19. Rxf5+ Nf6 20. dxe5 d4 21. exf6 g6 22. Qc4+ 1-0

[Event "Titled Tuesday 2024.12.17 Late"]
[Site "chess.com INT"]
[Date "2024.12.17"]
[Round "8"]
[White "Tikhonov, Viacheslav"]
[Black "Mendes, Aaron Reeve"]
[Result "0-1"]
[WhiteElo "2183"]
[BlackElo "2359"]
[PlyCount "112"]
[GameId "2129405226726773"]
[EventDate "2024.12.17"]
[EventType "swiss (blitz)"]
[EventRounds "11"]
[EventCountry "NET"]
[SourceTitle "The Week in Chess 1572"]
[Source "Mark Crowther"]
[SourceDate "2024.12.23"]
[SourceVersion "2"]
[SourceVersionDate "2024.12.24"]
[SourceQuality "2"]

1. e4 c5 2. Nf3 d6 3. Nc3 Nf6 4. e5 dxe5 5. Nxe5 Nbd7 6. d4 Nxe5 7. dxe5 Qxd1+ 8. Kxd1 Ng4 9. Bb5+ Bd7 10. e6 fxe6 11. Ke2 O-O-O 12. a4 g6 13. Ne4 a6 14. Bxd7+ Rxd7 15. Nxc5 Rc7 16. Nxe6 Rxc2+ 17. Bd2 Bh6 18. Rac1 Rxc1 19. Rxc1+ Kb8 20. Bxh6 Nxh6 21. Rd1 Nf7 22. Rd7 Re8 23. Ng7 Rg8 24. Ne6 Re8 25. f4 Nd6 26. Ng7 Rc8 27. Kd3 Rc5 28. Rxe7 Rd5+ 29. Kc3 Rc5+ 30. Kb3 Nc4 31. Kb4 Rc6 32. b3 Nb6 33. Re5 Rc2 34. a5 Nc8 35. Ne8 Na7 36. Re6 Nc6+ 37. Ka3 Rxg2 38. b4 Rxh2 39. Nd6 Rh3+ 40. Ka4 Rh4 41. Rf6 g5 42. fxg5 Rxb4+ 43. Ka3 Rg4 44. Rf7 Nxa5 45. Rf8+ Kc7 46. Ne8+ Kc6 47. Rg8 Nc4+ 48. Kb3 a5 49. Nf6 Rf4 50. Nxh7 Kb5 51. g6 a4+ 52. Kc3 Rf3+ 53. Kd4 a3 54. Ra8 Na5 55. g7 a2 56. Ke4 Rg3 0-1

[Event "Titled Tuesday 2024.12.17 Late"]
[Site "chess.com INT"]
[Date "2024.12.17"]
[Round "9"]
[White "Mendes, Aaron Reeve"]
[Black "Potapova, Margarita"]
[Result "1/2-1/2"]
[WhiteElo "2359"]
[BlackElo "2199"]
[PlyCount "135"]
[GameId "2129405226726973"]
[EventDate "2024.12.17"]
[EventType "swiss (blitz)"]
[EventRounds "11"]
[EventCountry "NET"]
[SourceTitle "The Week in Chess 1572"]
[Source "Mark Crowther"]
[SourceDate "2024.12.23"]
[SourceVersion "2"]
[SourceVersionDate "2024.12.24"]
[SourceQuality "2"]

1. e4 c6 2. Nf3 d5 3. Nc3 dxe4 4. Nxe4 Nf6 5. Qe2 Nxe4 6. Qxe4 Qa5 7. Bd3 Nd7 8. O-O Qd5 9. c4 Qxe4 10. Bxe4 Nf6 11. Bc2 g6 12. b3 Bg7 13. Bb2 O-O 14. Rfe1 e6 15. d4 Bd7 16. Rad1 Rfd8 17. h3 a5 18. Ba3 Bf8 19. Bb2 Bg7 20. a3 b5 21. Ne5 Be8 22. Bd3 bxc4 23. bxc4 a4 24. Bc2 Bf8 25. Nd3 Nd7 26. Ne5 Nxe5 27. Rxe5 c5 28. Re3 cxd4 29. Rxd4 Rdb8 30. Be4 Ra7 31. Rd2 Bh6 32. Be5 Rc8 33. f4 f6 34. Bd6 Rxc4 35. Bd3 Rc1+ 36. Kh2 e5 37. g3 Bc6 38. Be4 Rd7 39. Bg2 Bxg2 40. Kxg2 Rc6 41. Red3 e4 42. Rd5 e3 43. R2d3 Bf8 44. Bxf8 Rxd5 45. Rxd5 Kxf8 46. Rd3 Rc2+ 47. Kf3 e2 48. Kf2 Ra2 49. Re3 Kf7 50. Ke1 g5 51. f5 h5 52. g4 h4 53. Kf2 Rb2 54. Rxe2 Rb3 55. Re3 Kf8 56. Kf3 Kf7 57. Ke4 Rb1 58. Kd4 Rh1 59. Kc4 Rf1 60. Kb4 Rf4+ 61. Kb5 Kf8 62. Re6 Kf7 63. Re3 Kf8 64. Rc3 Ke7 65. Rc7+ Kd6 66. Rc6+ Ke7 67. Re6+ Kf7 68. Re3 1/2-1/2

[Event "Titled Tuesday 2024.12.17 Late"]
[Site "chess.com INT"]
[Date "2024.12.17"]
[Round "10"]
[White "Jaskolka, T."]
[Black "Mendes, Aaron Reeve"]
[Result "0-1"]
[WhiteElo "2210"]
[BlackElo "2359"]
[PlyCount "74"]
[GameId "2129405226727042"]
[EventDate "2024.12.17"]
[EventType "swiss (blitz)"]
[EventRounds "11"]
[EventCountry "NET"]
[SourceTitle "The Week in Chess 1572"]
[Source "Mark Crowther"]
[SourceDate "2024.12.23"]
[SourceVersion "2"]
[SourceVersionDate "2024.12.24"]
[SourceQuality "2"]

1. d4 d5 2. Bf4 Nf6 3. e3 c5 4. c3 Nc6 5. Nd2 e6 6. Ngf3 b6 7. Bb5 Bd7 8. Bd3 cxd4 9. exd4 Be7 10. O-O O-O 11. Qe2 a6 12. Bxa6 Ne4 13. Nxe4 dxe4 14. Nd2 f5 15. Bc4 Na5 16. f3 Nxc4 17. Qxc4 g5 18. Be5 e3 19. Nb3 f4 20. d5 Qe8 21. Nd4 Ra4 22. b4 Qc8 23. Qb3 exd5 24. Qxd5+ Rf7 25. g3 Bh3 26. gxf4 Qxc3 27. Rfc1 Qd2 28. Rc2 Qd3 29. f5 Bxf5 30. Rac1 Bf8 31. Rc8 Bxc8 32. Rxc8 Qd1+ 33. Kg2 Qd2+ 34. Kh3 g4+ 35. fxg4 Qxb4 36. Qe6 e2 37. Nf5 Qxg4# 0-1

[Event "Titled Tuesday 2024.12.17 Late"]
[Site "chess.com INT"]
[Date "2024.12.17"]
[Round "11"]
[White "Mendes, Aaron Reeve"]
[Black "Ibadov, Dashgyn"]
[Result "1-0"]
[WhiteElo "2359"]
[BlackElo "2337"]
[PlyCount "53"]
[GameId "2129405226727172"]
[EventDate "2024.12.17"]
[EventType "swiss (blitz)"]
[EventRounds "11"]
[EventCountry "NET"]
[SourceTitle "The Week in Chess 1572"]
[Source "Mark Crowther"]
[SourceDate "2024.12.23"]
[SourceVersion "2"]
[SourceVersionDate "2024.12.24"]
[SourceQuality "2"]

1. e4 e6 2. Nf3 d5 3. Nc3 Nf6 4. e5 Nfd7 5. d4 c5 6. Bg5 Be7 7. Bxe7 Qxe7 8. Nb5 O-O 9. Nc7 Nxe5 10. Nxa8 Nxf3+ 11. Qxf3 cxd4 12. O-O-O Nc6 13. Bb5 Bd7 14. Nc7 Qd6 15. Bxc6 bxc6 16. Na6 c5 17. Qa3 Rc8 18. Rxd4 Qb6 19. Rg4 e5 20. Rg3 Bb5 21. Nxc5 Rxc5 22. Rc3 Bc4 23. b3 Qh6+ 24. Kb1 Rb5 25. Ka1 Qd2 26. bxc4 Rb8 27. c5 1-0

[Event "New York Fall GM-B"]
[Site "New York USA"]
[Date "2024.11.07"]
[Round "1.4"]
[White "Mendes, Aaron Reeve"]
[Black "Stearman, Josiah"]
[Result "0-1"]
[WhiteElo "2320"]
[BlackElo "2445"]
[PlyCount "62"]
[GameId "2129405227687583"]
[EventDate "2024.11.07"]
[EventType "tourn"]
[EventRounds "9"]
[EventCountry "USA"]
[EventCategory "6"]
[SourceTitle "10Days CBH #1-#780"]
[Source "ChessMix "]
[SourceDate "2024.12.20"]
[SourceVersion "1"]
[SourceVersionDate "2024.12.20"]
[SourceQuality "1"]

1. e4 c5 2. Nf3 d6 3. Bb5+ Nd7 4. d4 Ngf6 5. O-O Nxe4 6. Re1 Nef6 7. dxc5 dxc5 8. Bc4 e6 9. Ng5 Be7 10. Rxe6 O-O 11. Qe2 Nb6 12. Rxe7 Nxc4 13. Nxf7 Qd4 14. c3 Qd5 15. Ne5 Nb6 16. Bf4 Qd8 17. Nc4 Nbd5 18. Bd6 b5 19. Re5 Rf7 20. Bxc5 bxc4 21. Qxc4 Bb7 22. Qd4 Nd7 23. Be7 Nxe7 24. Re1 Nf5 25. Qg4 Nh4 26. f3 Bxf3 27. gxf3 Nxf3+ 28. Kh1 Nxe1 29. Qe2 Qe7 30. Qc4 Qe4+ 31. Qxe4 Rf1# 0-1

[Event "New York Fall GM-B"]
[Site "New York USA"]
[Date "2024.11.08"]
[Round "3.3"]
[White "Mendes, Aaron Reeve"]
[Black "Chen, Ryo"]
[Result "1/2-1/2"]
[WhiteElo "2320"]
[BlackElo "2435"]
[PlyCount "49"]
[GameId "2129405227687592"]
[EventDate "2024.11.07"]
[EventType "tourn"]
[EventRounds "9"]
[EventCountry "USA"]
[EventCategory "6"]
[SourceTitle "10Days CBH #1-#780"]
[Source "ChessMix "]
[SourceDate "2024.12.20"]
[SourceVersion "1"]
[SourceVersionDate "2024.12.20"]
[SourceQuality "1"]

1. e4 c5 2. Nf3 d6 3. Bb5+ Nd7 4. d4 cxd4 5. Nxd4 g6 6. O-O a6 7. Be2 Ngf6 8. Nc3 Bg7 9. a4 Qc7 10. Be3 O-O 11. a5 b5 12. axb6 Nxb6 13. Nb3 Bb7 14. f3 e5 15. Kh1 Rfd8 16. Na5 d5 17. Nxb7 Qxb7 18. Bxb6 Qxb6 19. Nxd5 Nxd5 20. exd5 Qxb2 21. Rxa6 Rxa6 22. Bxa6 Qa2 23. Bb7 Rb8 24. Bc6 Bf8 25. d6 1/2-1/2

[Event "New York Fall GM-B"]
[Site "New York USA"]
[Date "2024.11.09"]
[Round "4.4"]
[White "Petenyi, Tamas"]
[Black "Mendes, Aaron Reeve"]
[Result "1/2-1/2"]
[WhiteElo "2303"]
[BlackElo "2320"]
[PlyCount "38"]
[GameId "2129405227687598"]
[EventDate "2024.11.07"]
[EventType "tourn"]
[EventRounds "9"]
[EventCountry "USA"]
[EventCategory "6"]
[SourceTitle "10Days CBH #1-#780"]
[Source "ChessMix "]
[SourceDate "2024.12.20"]
[SourceVersion "1"]
[SourceVersionDate "2024.12.20"]
[SourceQuality "1"]

1. e4 c5 2. Nf3 d6 3. d4 cxd4 4. Nxd4 Nf6 5. Nc3 a6 6. Bc4 e6 7. Bb3 Be7 8. g4 h6 9. h4 Nc6 10. Rg1 Nh7 11. Nf3 Ne5 12. Bf4 Nxf3+ 13. Qxf3 Bxh4 14. O-O-O Bg5 15. e5 d5 16. Ne4 O-O 17. Nxg5 Nxg5 18. Qe3 f6 19. c4 fxe5 1/2-1/2

[Event "New York Fall GM-B"]
[Site "New York USA"]
[Date "2024.11.09"]
[Round "5.2"]
[White "Mendes, Aaron Reeve"]
[Black "Paragua, Mark"]
[Result "1-0"]
[WhiteElo "2320"]
[BlackElo "2446"]
[PlyCount "99"]
[GameId "2129405227687601"]
[EventDate "2024.11.07"]
[EventType "tourn"]
[EventRounds "9"]
[EventCountry "USA"]
[EventCategory "6"]
[SourceTitle "10Days CBH #1-#780"]
[Source "ChessMix "]
[SourceDate "2024.12.20"]
[SourceVersion "1"]
[SourceVersionDate "2024.12.20"]
[SourceQuality "1"]

1. e4 c5 2. Nf3 d6 3. d4 cxd4 4. Nxd4 Nf6 5. Nc3 a6 6. Qd3 g6 7. Bg5 Bg7 8. O-O-O Nbd7 9. f3 Qc7 10. h4 h6 11. Bxf6 Nxf6 12. g4 b5 13. a3 Rb8 14. Be2 b4 15. axb4 Rxb4 16. g5 hxg5 17. hxg5 Rxh1 18. Rxh1 Nd7 19. Nd5 Qa5 20. Qc3 Qa1+ 21. Kd2 Rxd4+ 22. Qxd4 Qxh1 23. Qxg7 Qg2 24. Qh8+ Nf8 25. Qc3 Qh3 26. Nb6 Kd8 27. Qa5 Bb7 28. Nd5+ Ke8 29. Nc7+ Kd7 30. Qb6 Kc8 31. Nxa6 Ne6 32. Qa7 Nd8 33. Qb8+ Kd7 34. Bb5+ Ke6 35. Nc7+ Ke5 36. Qxd8 Qg2+ 37. Kc3 Qxg5 38. Qb8 Qe3+ 39. Kb4 Qc5+ 40. Ka5 Bxe4 41. fxe4 Qxc2 42. Qd8 e6 43. Ne8 Qd2+ 44. b4 g5 45. Qf6+ Kxe4 46. Qxf7 e5 47. Bc6+ d5 48. Nf6+ Ke3 49. Nxd5+ Kd4 50. Nb6 1-0

[Event "New York Fall GM-B"]
[Site "New York USA"]
[Date "2024.11.10"]
[Round "6.5"]
[White "Adewumi, Tanitoluwa"]
[Black "Mendes, Aaron Reeve"]
[Result "0-1"]
[WhiteElo "2347"]
[BlackElo "2320"]
[PlyCount "126"]
[GameId "2129405227687609"]
[EventDate "2024.11.07"]
[EventType "tourn"]
[EventRounds "9"]
[EventCountry "USA"]
[EventCategory "6"]
[SourceTitle "10Days CBH #1-#780"]
[Source "ChessMix "]
[SourceDate "2024.12.20"]
[SourceVersion "1"]
[SourceVersionDate "2024.12.20"]
[SourceQuality "1"]

1. Nf3 d5 2. b3 Nf6 3. Bb2 Bf5 4. d3 h6 5. g3 e6 6. Bg2 Be7 7. Nbd2 O-O 8. a3 c5 9. c4 Nc6 10. Ne5 Nxe5 11. Bxe5 Nd7 12. Bb2 Bf6 13. Bxf6 Nxf6 14. b4 Rc8 15. O-O Qe7 16. Qa4 a6 17. Qa5 Bg4 18. Rfe1 Qd8 19. Rab1 cxb4 20. Qxb4 dxc4 21. Nxc4 Bxe2 22. Rxe2 Qxd3 23. Re4 Nxe4 24. Ne5 Qd5 25. Qxe4 Qxe4 26. Bxe4 b5 27. Nc6 Rc7 28. Rd1 g5 29. Rd6 Kg7 30. Kg2 Rfc8 31. h3 Kf6 32. Bf3 a5 33. Nd4 Rb8 34. Ra6 b4 35. Nc6 Rb5 36. a4 Rf5 37. Be4 Rc5 38. Nxa5 Rc3 39. Bc6 b3 40. Rb6 Rc5 41. Rxb3 Rxa5 42. Bb5 Rc2 43. Rf3+ Kg7 44. Rd3 Ra7 45. Kf3 Ra2 46. Ke3 Rc7 47. Kd4 Rxf2 48. Ra3 Rf5 49. Bc4 Ra5 50. Bb5 f5 51. Rc3 e5+ 52. Kd3 e4+ 53. Kd4 Rxc3 54. Kxc3 Kf6 55. Kb4 Ra7 56. Kc5 f4 57. gxf4 gxf4 58. Kd4 e3 59. Kd3 Ke5 60. Ke2 Rg7 61. a5 Rg2+ 62. Ke1 f3 63. a6 Rg1+ 0-1

[Event "New York Fall GM-B"]
[Site "New York USA"]
[Date "2024.11.10"]
[Round "7.1"]
[White "Mendes, Aaron Reeve"]
[Black "Jacobson, Aaron"]
[Result "1/2-1/2"]
[WhiteElo "2320"]
[BlackElo "2368"]
[PlyCount "93"]
[GameId "2129405227687610"]
[EventDate "2024.11.07"]
[EventType "tourn"]
[EventRounds "9"]
[EventCountry "USA"]
[EventCategory "6"]
[SourceTitle "10Days CBH #1-#780"]
[Source "ChessMix "]
[SourceDate "2024.12.20"]
[SourceVersion "1"]
[SourceVersionDate "2024.12.20"]
[SourceQuality "1"]

1. Nf3 d5 2. g3 Nf6 3. Bg2 c5 4. O-O e6 5. d3 Nc6 6. Bf4 Bd6 7. Bxd6 Qxd6 8. Nbd2 e5 9. e4 d4 10. h3 O-O 11. Nh4 Be6 12. f4 b5 13. f5 Bd7 14. g4 g5 15. Nhf3 h6 16. Qe2 Rac8 17. a3 Na5 18. c3 Rfe8 19. Rac1 dxc3 20. bxc3 c4 21. d4 exd4 22. cxd4 c3 23. e5 cxd2 24. Qxd2 Qb6 25. Rxc8 Rxc8 26. exf6 Nc4 27. Qb4 Qxf6 28. Re1 Bc6 29. Qe7 Kg7 30. Qxa7 Ra8 31. Qc5 Bxf3 32. Bxf3 Rxa3 33. Bd5 Qd6 34. Qxd6 Nxd6 35. Re7 b4 36. Rd7 Ra6 37. Kf2 Rb6 38. Ke2 b3 39. Bxb3 Rxb3 40. Rxd6 Rxh3 41. Kf2 Rd3 42. d5 Rd4 43. Kg3 Rd3+ 44. Kf2 Rd4 45. Kg3 Rf4 46. Rd8 Rd4 47. Rd6 1/2-1/2

[Event "New York Fall GM-B"]
[Site "New York USA"]
[Date "2024.11.11"]
[Round "8.5"]
[White "Mendes, Aaron Reeve"]
[Black "Budisavljevic, Luka"]
[Result "1/2-1/2"]
[WhiteElo "2320"]
[BlackElo "2488"]
[PlyCount "55"]
[GameId "2129405227687619"]
[EventDate "2024.11.07"]
[EventType "tourn"]
[EventRounds "9"]
[EventCountry "USA"]
[EventCategory "6"]
[SourceTitle "10Days CBH #1-#780"]
[Source "ChessMix "]
[SourceDate "2024.12.20"]
[SourceVersion "1"]
[SourceVersionDate "2024.12.20"]
[SourceQuality "1"]

1. e4 e6 2. d4 d5 3. e5 c5 4. c3 Qa5 5. dxc5 Qc7 6. Nf3 Bxc5 7. Bd3 Nc6 8. Qe2 f6 9. Bf4 g5 10. Be3 Bxe3 11. fxe3 g4 12. Nd4 Nxe5 13. Bb5+ Kf8 14. O-O a6 15. Ba4 Kg7 16. e4 dxe4 17. Bb3 Ne7 18. Nd2 Rf8 19. Nxe4 N7g6 20. Bxe6 Qb6 21. Bxc8 Raxc8 22. Kh1 Kh8 23. Rf2 Rce8 24. Qf1 Nd7 25. Re1 Re5 26. Ree2 Rfe8 27. Ng3 Qd6 28. Nh5 1/2-1/2